| 000 | 00634nam a22002057a 4500 | ||
|---|---|---|---|
| 003 | 0 | ||
| 005 | 20260116093103.0 | ||
| 008 | 260116b xxu||||| |||| 00| 0 eng d | ||
| 020 | _a978-88-544-1383-2 | ||
| 082 |
_aREF 796 _bCa379 2019 |
||
| 100 | _aCavenaghi, S. | ||
| 245 |
_aThe Great book of sports _cS. Cavenaghi, M. Invernizzi and C. Pelizzoli |
||
| 260 |
_aMilan, Italy : _bWhite Star Kids, _c2019. |
||
| 300 |
_a80 pages : _bcolored illustrations ; _c31 cm. |
||
| 650 |
_aSports _xJuvenile literature. |
||
| 650 |
_aAthletics _xJuvenile literature. |
||
| 700 | _aInvernizzi, M. | ||
| 700 | _aPelizzoli, C. | ||
| 942 |
_2ddc _cBK |
||
| 999 |
_c368702 _d368702 |
||